Štrukturálne zmeny československého priemyselného komplexu v podmienkach medzinárodnej deľby práce kandidátska dizertačná práca

Gespeichert in:
Bibliographische Detailangaben
1. Verfasser: Mikulec, Vladimír
Körperschaft: Vysoká škola ekonomická v Bratislave
Weitere Verfasser: Balhar, Víťazoslav
Format: Buch
Sprache:Slowakisch
Veröffentlicht: Bratislava 1983
Schlagworte:
Tags: Tag hinzufügen
Keine Tags, Fügen Sie das erste Tag hinzu!

MARC

LEADER 00000nam a2200000 4500
001 c002716
005 20260325071305.1
041 0 |a slo 
044 |a SK 
245 1 0 |a Štrukturálne zmeny československého priemyselného komplexu v podmienkach medzinárodnej deľby práce  |b kandidátska dizertačná práca  |c Vladimír Mikulec ; Škol. Víťazoslav Balhar 
264 1 |a Bratislava  |c 1983 
300 |a 186 s. 
610 2 0 |a zmeny štruktúrne 
610 2 0 |a komplex priemyselný 
610 2 0 |a ČSSR 
610 2 0 |a priemysel 
610 2 0 |a deľba práce medzinárodná 
610 2 0 |a vývoz 
610 2 0 |a dovoz 
610 2 0 |a obchod zahraničný 
610 2 0 |a trh svetový 
610 2 0 |a RVHP 
610 2 0 |a spolupráca vedeckotechnická 
100 1 |a Mikulec, Vladimír 
700 1 |a Balhar, Víťazoslav 
710 2 |a Vysoká škola ekonomická v Bratislave